| 000 | 01100cam a2200205 4500 | ||
|---|---|---|---|
| 001 | ABS66609 | ||
| 008 | 030502n2003 000 0 eng u | ||
| 035 | _a(Sirsi) u122179 | ||
| 100 | _aMyatt, I. | ||
| 245 | _aAsbestos: the new rules | ||
| 260 | _c2003 | ||
| 490 |
_aConstruction News _v (6812) 17 April 2003, 26-27(2) |
||
| 520 | _aBriefing explains the requirements of the amendments to the Control of Asbestos at Work Regulations which were introduced in November 2002. Reg 4, concerning the duty to manage asbestos in non-domestic premises, will come into force on 21 May 2004 and will affect people in the construction industry and others. Identifies the problem, who is at risk, the regulation so far, assessing the premises, identifying asbestos-containing materials, who has the duty to manage and what professionals need to achieve. | ||
| 590 | _aABS | ||
| 650 | _aCONTROL OF ASBESTOS AT WORK REGULATIONS 2002 | ||
| 650 | _aMANAGEMENT-HEALTH AND SAFETY-HAZARDOUS SUBSTANCES-ASBESTOS | ||
| 650 |
_aCONSTRUCTION MANAGEMENT _96230 |
||
| 690 |
_aHEALTH AND SAFETY _96244 |
||
| 942 | _n0 | ||
| 999 |
_c72616 _d72616 |
||